El laboratorio psicoterapéutico
Guardado en:
| Autores principales: | , , , |
|---|---|
| Otros Autores: | |
| Formato: | Libro |
| Lenguaje: | español |
| Publicado: |
Buenos Aires
Paidós
1975
|
| Colección: | Biblioteca de Psiquiatría, Psicopatología y Psicosomática, 60
|
| Materias: | |
| Etiquetas: |
Agregar Etiqueta
Sin Etiquetas, Sea el primero en etiquetar este registro!
|
MARC
| LEADER | 00000cam a2200000 a 4500 | ||
|---|---|---|---|
| 001 | UCG9180 | ||
| 003 | CL-VaPUC | ||
| 008 | 120127e19750000AG |||||||||||||||||spa|d | ||
| 082 | 0 | 4 | |a 302.3 |b BRA |2 21 |
| 100 | 0 | |a Bradford, Leland P |e author |9 560635 | |
| 700 | 0 | |a Benne, Kenneth D |e author |9 560636 | |
| 700 | |a Gibb, Jack R |e author |9 560637 | ||
| 700 | |a Lippitt, Ronald |e autor |9 560638 | ||
| 700 | 0 | |a Shepard, Herbert A |e author |9 560639 | |
| 245 | 1 | 3 | |a El laboratorio psicoterapéutico |
| 300 | |a 131 p | ||
| 942 | |c BK | ||
| 945 | |d 20120127 00:00:00 |a dcastane | ||
| 260 | |a Buenos Aires |b Paidós |c 1975 | ||
| 650 | 7 | |a COMPORTAMIENTO DE GRUPO |2 CL-VaPUC |9 335588 | |
| 650 | 0 | |a Liderazgo |9 271835 | |
| 650 | 0 | |a Relaciones interpersonales |9 307056 | |
| 650 | 7 | |a TRABAJO EN GRUPO |2 CL-VaPUC |9 560640 | |
| 583 | |a last modification |c 20120127 09:50:00 |k Rodrigo Vera | ||
| 490 | 0 | |a Biblioteca de Psiquiatría, Psicopatología y Psicosomática, 60 | |
| 999 | |c 346747 |d 346745 | ||
| 952 | |0 0 |1 0 |4 0 |6 302_300000000000000_BRA_1975 |7 0 |8 P |9 447563 |a BIBEDU |b BIBEDU |c BIBEDU_PB |d 2019-11-22 |i 483738K |o 302.3 BRA 1975 |p 483738K |r 2019-11-22 |w 2019-11-22 |y BK |k PSI | ||